000 00758nam a22002297a 4500
999 _c12588
_d12588
003 AR-CdUCM
008 190409b ||||| |||| 00| 0 spa d
040 _aMUNICIPALIDAD PROVINCIAL DEL CUSCO
_cBIBLIOTECA MUNICIPAL DEL CUSCO
082 _a954 /
_bR86
100 _aRousselet, Luis
_930490
245 _aLa india de los rajahs /
260 _a Buenos Aires .
_bBallesta,
300 _a1423 páginas ;
_c24 cm.
_bIlustraciones, fotografĂ­as,
440 _aViajes y aventuras
_930491
505 _aContenido : La india de los rajahs -- Bombay -- El konkan y el Ghati ...
650 _aHistorias
_92725
650 _aIndia
_92692
650 _aPueblos
_917463
700 _aRovira Vilella, R.
_930492
942 _2ddc
_cLIBROS
945 _arah
_d09/04/2019